000 00506nam a2200181Ia 4500
003 GCL
008 140319s9999 xx 000 0 ara d
040 _aGCL /
_cGCL
082 0 4 _a813.03
_bا ك
100 1 _aصلاح عبدالصبور
245 1 0 _aكانت السماء زرقاء /
_cصلاح عبدالصبور
700 1 _aاسماعيل فهد اسماعيل
300 _a144 ص
490 _a
650 0 4 _aالادب العربى
650 0 4 _aالقصص العربية
942 _2ddc
_cBK
999 _c38127
_d38127